[Event "Olympiad-45"]
[Site "Budapest"]
[Date "2024.09.18"]
[Round "7.4"]
[White "Domingos, Catarino"]
[Black "Abdel Wahab, Ahmad"]
[Result "0-1"]
[WhiteElo "2229"]
[BlackElo "1995"]
[PlyCount "96"]
[EventDate "2024.09.11"]
[EventType "team-swiss"]
[EventRounds "11"]
[EventCountry "HUN"]
[SourceTitle "EXT 2025"]
[Source "ChessBase"]
[SourceDate "2024.10.14"]
[SourceVersion "1"]
[SourceVersionDate "2024.10.14"]
[SourceQuality "1"]
[WhiteTeam "Angola"]
[BlackTeam "Palestine"]
[WhiteTeamCountry "ANG"]
[BlackTeamCountry "PLE"]

1. Nf3 d5 2. g3 Nf6 3. Bg2 c5 4. 0-0 h6 5. c4 d4 6. b4 cxb4 7. a3 b3 8. Qxb3 Nc6 9. d3 e5 10. Nbd2 Bd6 11. Qc2 0-0 12. Rb1 Qe7 13. a4 Nb4 14. Qb3 a5 15. Ba3 Bc5 16. Ra1 Bd7 17. Ne1 Bc6 18. Bb2 e4 19. dxe4 Nxe4 20. Ndf3 Rad8 21. Nd3 Rfe8 22. Rfd1 Nc3 23. Bxc3 dxc3 24. Qxc3 Bxf3 25. Nxc5 Rxd1+ 26. Rxd1 Bxg2 27. Kxg2 Qxc5 28. e3 Qc6+ 29. Kg1 Qxa4 30. Ra1 Qc6 31. Rxa5 Rd8 32. Ra1 Na6 33. Qa5 Rd7 34. Qf5 Rd6 35. Qe5 Rd2 36. Qf4 Rc2 37. Rd1 Rxc4 38. Rd8+ Kh7 39. Qf5+ Qg6 40. Qf3 Qb1+ 41. Kg2 Qe4 42. Rd7 Qxf3+ 43. Kxf3 Rc7 44. Rd6 Nc5 45. h4 b5 46. Rd4 Rb7 47. Rb4 Na6 48. Rb2 b4 0-1

[Event "Olympiad-45"]
[Site "Budapest"]
[Date "2024.09.14"]
[Round "4.65"]
[White "Abdel Wahab, Ahmad"]
[Black "Sandiford, Keron"]
[Result "1-0"]
[WhiteElo "1995"]
[BlackElo "1755"]
[PlyCount "97"]
[EventDate "2024.09.11"]
[EventType "team-swiss"]
[EventRounds "11"]
[EventCountry "HUN"]
[SourceTitle "EXT 2025"]
[Source "ChessBase"]
[SourceDate "2024.10.14"]
[SourceVersion "1"]
[SourceVersionDate "2024.10.14"]
[SourceQuality "1"]
[WhiteTeam "Palestine"]
[BlackTeam "Guyana"]
[WhiteTeamCountry "PLE"]
[BlackTeamCountry "GUY"]

1. d4 Nf6 2. c4 e6 3. Nc3 Bb4 4. e3 0-0 5. Bd3 c5 6. Nge2 cxd4 7. exd4 d5 8. cxd5 exd5 9. 0-0 h6 10. a3 Ba5 11. b4 Bb6 12. Na4 Bc7 13. Qc2 Bd6 14. h3 b6 15. Be3 Ba6 16. b5 Bc8 17. Rfc1 Be6 18. Qb2 Qe7 19. Bf4 Rc8 20. Rxc8+ Bxc8 21. Rc1 Be6 22. Bxd6 Qxd6 23. Nac3 Nbd7 24. Na2 Nf8 25. Rc6 Qd8 26. Qc2 Rc8 27. Nb4 Rxc6 28. bxc6 Ne8 29. f4 Bc8 30. Qa2 a5 31. Qxd5 Ne6 32. Qxd8 Nxd8 33. Nd5 Be6 34. c7 Nc6 35. f5 Bc8 36. Nxb6 Na7 37. Nxc8 Nxc8 38. Ba6 Ned6 39. Bxc8 Nxc8 40. Nc3 Kf8 41. Nb5 Ke7 42. d5 Kd7 43. d6 a4 44. Kf2 Kc6 45. Ke3 g6 46. Ke4 Kd7 47. fxg6 fxg6 48. Kd5 Nb6+ 49. Kc5 1-0

[Event "Arab Clubs-chT"]
[Site "Marrakesh"]
[Date "2016.12.06"]
[Round "4"]
[White "Abdel Wahab, Ahmad"]
[Black "Ahmad, Al Khatib"]
[Result "1/2-1/2"]
[WhiteElo "1987"]
[BlackElo "2297"]
[PlyCount "94"]
[EventDate "2016.12.02"]
[EventType "team-tourn"]
[EventRounds "7"]
[EventCountry "MAR"]
[SourceTitle "CBM 176 Extra"]
[Source "ChessBase"]
[SourceDate "2017.03.02"]
[SourceVersion "1"]
[SourceVersionDate "2017.03.02"]
[SourceQuality "1"]
[WhiteTeam "Nadi Al Quds"]
[BlackTeam "Alamana"]
[WhiteTeamCountry "PLE"]
[BlackTeamCountry "JOR"]

1. d4 d6 2. Nf3 g6 3. c4 Bg7 4. Nc3 Nf6 5. e4 0-0 6. Be2 Na6 7. 0-0 e5 8. Bg5 h6 9. Bh4 g5 10. Bg3 Nh5 11. dxe5 Nxg3 12. hxg3 dxe5 13. Qxd8 Rxd8 14. Rfd1 Re8 15. Nh2 c6 16. Bg4 Nc5 17. Bxc8 Raxc8 18. Ng4 Rcd8 19. Kf1 Nd3 20. Rd2 Rd7 21. Rad1 Red8 22. Ke2 Nc1+ 23. Ke1 Nd3+ 24. Ke2 Nc1+ 25. Ke1 Rxd2 26. Rxd2 Rd4 27. f3 Nd3+ 28. Ke2 Nc5 29. Ne3 a5 30. b3 Ne6 31. Nf5 Rxd2+ 32. Kxd2 Bf8 33. Kc2 h5 34. Ne2 f6 35. Nc1 Kf7 36. Nd3 Ke8 37. Kb2 Kd7 38. a3 g4 39. b4 axb4 40. axb4 Ng5 41. Nh4 b6 42. Kc3 Ke6 43. Nf2 gxf3 44. gxf3 Kd7 45. g4 hxg4 46. Nxg4 Ke7 47. Ne3 Nh3 1/2-1/2

[Event "Arab Clubs-chT"]
[Site "Marrakesh"]
[Date "2016.12.04"]
[Round "3"]
[White "Douich, Mehdi"]
[Black "Abdel Wahab, Ahmad"]
[Result "1/2-1/2"]
[WhiteElo "2020"]
[BlackElo "1987"]
[PlyCount "60"]
[EventDate "2016.12.02"]
[EventType "team-tourn"]
[EventRounds "7"]
[EventCountry "MAR"]
[SourceTitle "CBM 176 Extra"]
[Source "ChessBase"]
[SourceDate "2017.03.02"]
[SourceVersion "1"]
[SourceVersionDate "2017.03.02"]
[SourceQuality "1"]
[WhiteTeam "Elmanara"]
[BlackTeam "Nadi Al Quds"]
[WhiteTeamCountry "MAR"]
[BlackTeamCountry "PLE"]

1. e4 c5 2. Nf3 d6 3. d4 cxd4 4. Nxd4 Nf6 5. Nc3 a6 6. Bg5 e6 7. f4 Nc6 8. Nxc6 bxc6 9. Bc4 Qb6 10. Bxf6 gxf6 11. Qf3 Rb8 12. Bb3 Bd7 13. 0-0-0 c5 14. Qe2 Bb5 15. Nxb5 axb5 16. c4 bxc4 17. Qxc4 Qb4 18. f5 Bh6+ 19. Kc2 Ke7 20. fxe6 Qxc4+ 21. Bxc4 fxe6 22. g4 Rhg8 23. h3 Be3 24. Rd3 Bd4 25. b3 Rg5 26. a4 d5 27. exd5 exd5 28. Re1+ Kd6 29. Bb5 h5 30. gxh5 Rxh5 1/2-1/2

[Event "Arab Clubs-chT"]
[Site "Marrakesh"]
[Date "2016.12.02"]
[Round "1"]
[White "Sebih, Kamel"]
[Black "Abdel Wahab, Ahmad"]
[Result "1-0"]
[WhiteElo "2199"]
[BlackElo "1987"]
[PlyCount "71"]
[EventDate "2016.12.02"]
[EventType "team-tourn"]
[EventRounds "7"]
[EventCountry "MAR"]
[SourceTitle "CBM 176 Extra"]
[Source "ChessBase"]
[SourceDate "2017.03.02"]
[SourceVersion "1"]
[SourceVersionDate "2017.03.02"]
[SourceQuality "1"]
[WhiteTeam "Surete National"]
[BlackTeam "Nadi Al Quds"]
[WhiteTeamCountry "ALG"]
[BlackTeamCountry "PLE"]

1. d4 d5 2. c4 e6 3. Nc3 Nf6 4. Nf3 Be7 5. Bf4 0-0 6. e3 b6 7. Rc1 Bb7 8. cxd5 Nxd5 9. Bd3 Nxf4 10. exf4 Nc6 11. a3 g6 12. Be4 Na5 13. 0-0 Bxe4 14. Nxe4 Qd5 15. Qe2 Rac8 16. Rfd1 Nb3 17. Rc3 Rfd8 18. Rdd3 Na5 19. Ne5 f6 20. Nf3 Nc4 21. Rc2 c5 22. g3 Kf7 23. h3 Na5 24. g4 cxd4 25. Rxc8 Rxc8 26. Rxd4 Rc1+ 27. Kh2 Qb3 28. Rd3 Qc4 29. Neg5+ Ke8 30. Nxe6 Rc2 31. Nd2 Qc6 32. Nd4 Rxd2 33. Qxd2 Qe4 34. Qe3 Qb7 35. Qe6 Qc7 36. Qg8+ 1-0

[Event "Asia Clubs 1st"]
[Site "Al Ain"]
[Date "2008.12.27"]
[Round "3"]
[White "Abdel Wahab, Ahmad"]
[Black "Leong, Ignatius"]
[Result "0-1"]
[WhiteElo "1926"]
[BlackElo "2199"]
[PlyCount "148"]
[EventDate "2008.12.25"]
[EventType "team-swiss"]
[EventRounds "7"]
[EventCountry "UAE"]
[SourceTitle "CBM 127 Extra"]
[Source "ChessBase"]
[SourceDate "2009.01.08"]
[SourceVersion "2"]
[SourceVersionDate "2009.01.28"]
[SourceQuality "1"]

1. e4 d5 2. exd5 Qxd5 3. Nc3 Qa5 4. d4 c6 5. Nf3 Bg4 6. h3 Bxf3 7. Qxf3 e6 8. Bd2 Nf6 9. 0-0-0 Qc7 10. g4 Bd6 11. g5 Nd5 12. Ne4 Bf4 13. c4 Bxd2+ 14. Rxd2 Ne7 15. h4 h6 16. c5 Nc8 17. Bh3 Nd7 18. Re1 hxg5 19. Nxg5 Nf8 20. Bxe6 fxe6 21. Nxe6 Nxe6 22. Rxe6+ Ne7 23. Rde2 0-0-0 24. Rxe7 Qa5 25. Qh3+ Kb8 26. Qb3 Qa6 27. Rxg7 Rxd4 28. Rg8+ Rd8 29. Rxh8 Rxh8 30. Qg3+ Ka8 31. Qe3 Qc4+ 32. Kb1 Rd8 33. b3 Qxh4 34. Qe7 Qh1+ 35. Re1 Qd5 36. Qe3 a6 37. f4 Rf8 38. Kb2 Rf5 39. Rc1 Qf7 40. Rc4 Qg7+ 41. Ka3 Qc7 42. b4 Qf7 43. Rd4 Rd5 44. Rxd5 Qxd5 45. Kb2 Ka7 46. a3 Ka8 47. Qf2 Qf5 48. Qd4 Ka7 49. a4 Qh3 50. Qe4 Qh2+ 51. Kc1 Qg1+ 52. Kd2 Qf2+ 53. Kc3 Qg3+ 54. Kd4 Qb3 55. Ke5 Qxa4 56. f5 Qa1+ 57. Qd4 Qe1+ 58. Kd6 Qe8 59. Kc7 Qe7+ 60. Qd7 Qe5+ 61. Kd8 Qf6+ 62. Ke8 Qh8+ 63. Kf7 Qh5+ 64. Ke7 Qh7+ 65. Ke6 Qg8+ 66. Qf7 Qg4 67. Kd7 Qxb4 68. Kc8 a5 69. Qc7 Ka6 70. Qb8 Kb5 71. Qxb7+ Kxc5 72. Qe7+ Kb6 73. f6 Qg4+ 74. Kb8 Qg8+ 0-1